| 000 | 00000nam##2200000za#4500 |
| 001 | 9.615904 |
| 003 | CaOODSP |
| 005 | 20211126112847 |
| 007 | ta |
| 008 | 150406|2002||||xxc||||| f|0| 0 eng|d |
| 020 | |a0-662-31709-2 |
| 022 | |a1192-5434 |
| 040 | |aCaOODSP|beng |
| 043 | |an-cn--- |
| 086 | 1 |aFB3-2/102-3E |
| 110 | 2 |aBank of Canada. |
| 245 | 13|aAn introduction to wavelets for economists / |cby Christoph Schleicher. |
| 260 | |aOttawa - Ontario : |bBank of Canada |c2002. |
| 300 | |av, 32p. : |bgraphs ; |c28 cm. |
| 490 | 1 |aWorking paper|x1192-5434|v2002-3 |
| 500 | |a"This paper gives an informal and non-technical introduction to wavelets, and describes their potential for the economic researcher."--Abstract. |
| 504 | |aBibliography. |
| 546 | |aRésumés en français |
| 563 | |aSoftcover |
| 590 | |a02-06|b2002-02-08 |
| 690 | 07|aEconomy|2gcpds |
| 690 | 07|aCurrency|2gcpds |
| 690 | 07|aIncome|2gcpds |
| 720 | 1 |aSchleicher, Christoph |
| 776 | 0#|tAn introduction to wavelets for economists / |w(CaOODSP)9.571612 |
| 830 | #0|aWorking paper,|x1192-5434|v2002-3|w(CaOODSP)9.514622 |